Where have all the mothers gone? / (Record no. 2737)

MARC details
000 -LEADER
fixed length control field 00912cam a2200289 a 4500
001 - CONTROL NUMBER
control field 2805678
003 - CONTROL NUMBER IDENTIFIER
control field GBCCL
005 - DATE AND TIME OF LATEST TRANSACTION
control field 20241126110438.0
008 - FIXED-LENGTH DATA ELEMENTS--GENERAL INFORMATION
fixed length control field 820714s1982 miu b 000 0 eng
010 ## -
-- 82013707
020 ## - INTERNATIONAL STANDARD BOOK NUMBER
International Standard Book Number 0310455502
040 ## - CATALOGING SOURCE
Original cataloging agency DLC
Transcribing agency DLC
Modifying agency DLC
043 ## -
-- n-us---
050 00 -
-- HQ759
-- .H85 1982
082 00 - DEWEY DECIMAL CLASSIFICATION NUMBER
Classification number 649.1
Edition information 19
Item number HUN
100 1# - MAIN ENTRY--PERSONAL NAME
Personal name Hunter, Brenda.
9 (RLIN) 5786
245 10 - TITLE STATEMENT
Title Where have all the mothers gone? /
Statement of responsibility, etc. Brenda Hunter.
260 ## - PUBLICATION, DISTRIBUTION, ETC.
Place of publication, distribution, etc. Grand Rapids, Mich. :
Name of publisher, distributor, etc. Zondervan Pub. House,
Date of publication, distribution, etc. c1982.
300 ## - PHYSICAL DESCRIPTION
Extent 178 p. ;
Dimensions 22 cm.
504 ## - BIBLIOGRAPHY, ETC. NOTE
Bibliography, etc. note Includes bibliographical references.
650 #0 - SUBJECT ADDED ENTRY--TOPICAL TERM
Topical term or geographic name entry element Mothers
Geographic subdivision United States.
9 (RLIN) 5787
650 #0 - SUBJECT ADDED ENTRY--TOPICAL TERM
Topical term or geographic name entry element Mother and child
Geographic subdivision United States.
9 (RLIN) 5788
650 #0 - SUBJECT ADDED ENTRY--TOPICAL TERM
Topical term or geographic name entry element Working mothers
Geographic subdivision United States.
9 (RLIN) 5789
650 #0 - SUBJECT ADDED ENTRY--TOPICAL TERM
Topical term or geographic name entry element Parenting
General subdivision Religious aspects
-- Christianity.
9 (RLIN) 2605
906 ## - LOCAL DATA ELEMENT F, LDF (RLIN)
a 7
b cbc
c orignew
d 1
e ocip
f 19
g y-gencatlg
942 ## - ADDED ENTRY ELEMENTS (KOHA)
Source of classification or shelving scheme Dewey Decimal Classification
Koha item type Books
Koha issues (borrowed), all copies 2
Holdings
Withdrawn status Lost status Source of classification or shelving scheme Damaged status Not for loan Home library Current Library Shelving location Date acquired Total checkouts Full call number Barcode Date last seen Date last checked out Copy number Price effective from Koha item type
    Dewey Decimal Classification     GRACE BIBLE COLLEGE GRACE BIBLE COLLEGE General Studies 2017-09-13 2 649.1 HUN 008212 2025-05-01 2022-04-18 c.1 2017-09-13 Books
© Grace Bible College Library 2025